logo

Bir Sreshtho Munshi Abdur Rouf Library
Jhenaidah Cadet College

Parent-Child Relations : (Record no. 10355)

MARC details
000 -LEADER
fixed length control field 01657nam a2200265 a 4500
001 - CONTROL NUMBER
JCCL Control Number 10355
003 - CONTROL NUMBER IDENTIFIER
JCCL marc code BD-JhCC
005 - DATE AND TIME OF LATEST TRANSACTION
control field 20210607134020.0
008 - FIXED-LENGTH DATA ELEMENTS--GENERAL INFORMATION
fixed length control field 180424s2013 uk a|||| |||| 001 0 eng d
020 ## - INTERNATIONAL STANDARD BOOK NUMBER
International Standard Book Number 9781565645820
035 ## - SYSTEM CONTROL NUMBER
system control number (BD-JhCC)10355
040 ## - CATALOGING SOURCE
Original cataloging agency BD-JhCC
Modifying agency BD-JhCC
041 ## - LANGUAGE CODE
Language code of Book eng
082 ## - DEWEY DECIMAL CLASSIFICATION NUMBER
Classification number 297.577
Author mark and Year ALT 2013
100 ## - MAIN ENTRY--PERSONAL NAME
Personal name Altalib, Hisham
245 ## - TITLE STATEMENT
Title Parent-Child Relations :
Remainder of title a guide to raising children /
Statement of responsibility, etc Hisham Altalib, AbdulHamid AbuSulayman and Omar Altalib
260 ## - PUBLICATION, DISTRIBUTION, ETC. (IMPRINT)
Place of publication, distribution, etc London :
-- Washington :
Name of publisher, distributor, etc The International Institute of Islamic Thought,
Date of publication, distribution, etc 2013.
300 ## - PHYSICAL DESCRIPTION
Pagination xxvi, 498 p. :
Other physical details ill. ;
Dimensions 22 cm.
504 ## - BIBLIOGRAPHY, ETC. NOTE
Bibliography, etc Includes index and bibliography
520 ## - SUMMARY, ETC.
Summary, etc This easy-to-read, comprehensive guide contains what you need to know on how to parent with confidence. Packed with advice and powerful tips, using the latest research on child development and parenting techniques, it offers a mine of information on how to let children flourish, take the frustration out of parenting and develop happy family relations. Authors provide guidance on developing character, knowledge, values, and skills, as well as a faith-based outlook in children, benefitting parents with kids of all ages. The many strategies and techniques offered include: teaching children how to problem-solve, make decisions, and develop self-esteem. Raising God conscious, moral, successful children, with a sense of civic responsibility in today s world is not easy. It is also not impossible. Effective parenting is the key.
650 ## - SUBJECT ADDED ENTRY--TOPICAL TERM
Topical term or geographic name as entry element Parenting
Form subdivision Islam
700 ## - ADDED ENTRY--PERSONAL NAME
Personal name AbuSulayman, AbdulHamid
700 ## - ADDED ENTRY--PERSONAL NAME
Personal name Altalib, Omar
942 ## - ADDED ENTRY ELEMENTS (KOHA)
Source of classification or shelving scheme Dewey Decimal Classification
Koha item type Books
Koha issues (borrowed), all copies 2
Holdings
Source of classification or shelving scheme Damaged status Not for loan Home library Current library Shelving location Date of accession Cost, normal purchase price Total Checkouts Full call number Barcode Date last seen Date checked out Copy number Koha item type
Dewey Decimal Classification     JCC Rouf Library JCC Rouf Library General Stacks 04/24/2018 2000.00 4 297.577 ALT 2013 13590 01/22/2026 01/17/2026 C-1 Books
Dewey Decimal Classification     JCC Rouf Library JCC Rouf Library General Stacks 08/28/2023 2000.00 1 297.577 ALT 2013 16872 09/26/2023 08/28/2023 C-2 Books

JCC Library | Contacts | JCC Home

Last Update on 23 September 2017
Copyright @ 2017-2020 JCC Rouf Library
Rouf Library, Jhenidah Cadet College (JCC), Bangladesh